<?xml version="1.0" encoding="UTF-8"?><?xml-stylesheet type="text/xsl" href="static/style.xsl"?><OAI-PMH xmlns="http://www.openarchives.org/OAI/2.0/" xmlns:xsi="http://www.w3.org/2001/XMLSchema-instance" xsi:schemaLocation="http://www.openarchives.org/OAI/2.0/ http://www.openarchives.org/OAI/2.0/OAI-PMH.xsd"><responseDate>2026-04-17T13:01:09Z</responseDate><request verb="GetRecord" identifier="oai:www.recercat.cat:10230/54401" metadataPrefix="marc">https://recercat.cat/oai/request</request><GetRecord><record><header><identifier>oai:recercat.cat:10230/54401</identifier><datestamp>2025-12-18T01:29:16Z</datestamp><setSpec>com_2072_6</setSpec><setSpec>col_2072_452952</setSpec></header><metadata><record xmlns="http://www.loc.gov/MARC21/slim" xmlns:dcterms="http://purl.org/dc/terms/" xmlns:xsi="http://www.w3.org/2001/XMLSchema-instance" xmlns:doc="http://www.lyncode.com/xoai" xsi:schemaLocation="http://www.loc.gov/MARC21/slim http://www.loc.gov/standards/marcxml/schema/MARC21slim.xsd">
   <leader>00925njm 22002777a 4500</leader>
   <datafield ind2=" " ind1=" " tag="042">
      <subfield code="a">dc</subfield>
   </datafield>
   <datafield ind2=" " ind1=" " tag="720">
      <subfield code="a">Hakami, Lubna</subfield>
      <subfield code="e">author</subfield>
   </datafield>
   <datafield ind2=" " ind1=" " tag="720">
      <subfield code="a">Amarasinghe, Ishari</subfield>
      <subfield code="e">author</subfield>
   </datafield>
   <datafield ind2=" " ind1=" " tag="720">
      <subfield code="a">Hakami, Eyad</subfield>
      <subfield code="e">author</subfield>
   </datafield>
   <datafield ind2=" " ind1=" " tag="720">
      <subfield code="a">Hernández Leo, Davinia</subfield>
      <subfield code="e">author</subfield>
   </datafield>
   <datafield ind2=" " ind1=" " tag="260">
      <subfield code="c">2022-10-14T11:59:57Z</subfield>
   </datafield>
   <datafield ind2=" " ind1=" " tag="260">
      <subfield code="c">2022-10-14T11:59:57Z</subfield>
   </datafield>
   <datafield ind2=" " ind1=" " tag="260">
      <subfield code="c">2022</subfield>
   </datafield>
   <datafield ind2=" " ind1=" " tag="520">
      <subfield code="a">Teacher orchestration of technology-enhanced learning has received&#xd;
increasing attention as a factor for enhancing students&amp;apos; learning gains. However,&#xd;
a limited number of studies have investigated the impact of learning settings on&#xd;
teachers&amp;apos; orchestration actions. In this paper, we considered two different settings&#xd;
of computer-supported collaborative learning (CSCL) activities, namely online&#xd;
and in-class, and studied their influence on teachers&amp;apos; orchestration actions. Data&#xd;
was collected from five sessions for each setting. The findings indicated that&#xd;
during the in-class sessions there were more teacher-individual interactions,&#xd;
announcements, checking participation/responses tabs, and dashboard&#xd;
interventions conducted by the teacher. In the online setting, however, more&#xd;
teacher-class interactions occurred when compared to the in-class setting. The&#xd;
implications of this study and its continuation are related to the consideration of&#xd;
the learning setting in the design, redesign, and evaluation processes of&#xd;
orchestration technologies.</subfield>
   </datafield>
   <datafield ind2=" " ind1=" " tag="520">
      <subfield code="a">This work has been partially funded by the National Research Agency&#xd;
of the Spanish Ministry (PID2020-112584RB-C33/MICIN/AEI/10.13039/501100011033). D. Hernández-Leo acknowledges the support by ICREA under the ICREA Academia program. E.&#xd;
Hakami acknowledges the grant by Jazan University, Saudi Arabia.</subfield>
   </datafield>
   <datafield tag="653" ind2=" " ind1=" ">
      <subfield code="a">Computer-Supported Collaborative Learning</subfield>
   </datafield>
   <datafield tag="653" ind2=" " ind1=" ">
      <subfield code="a">Orchestration</subfield>
   </datafield>
   <datafield tag="653" ind2=" " ind1=" ">
      <subfield code="a">Dashboards</subfield>
   </datafield>
   <datafield tag="653" ind2=" " ind1=" ">
      <subfield code="a">Teacher support tools</subfield>
   </datafield>
   <datafield ind2="0" ind1="0" tag="245">
      <subfield code="a">Exploring teacher&amp;apos;s orchestration actions in online and in-class computer-supported collaborative learning</subfield>
   </datafield>
</record></metadata></record></GetRecord></OAI-PMH>